000 00567nam a22001937a 4500
003 OSt
005 20240619092804.0
008 240619b |||||||| |||| 00| 0 eng d
020 _a9780552125550
040 _cMUST
082 _a530.12 GKI 1991
100 _aGribbin, John
_917476
245 _aIn search of schrodinger's cat :
_bquantum physics and reality /
_cJohn Gribbin
260 _aLondon
_bBlack Swan
_c1991
300 _axvi, 302p:
_bill ;
_c20 cm.
504 _aIncludes bibliographical references
650 _aQuantum Physics
_98377
942 _2ddc
_cO_SHELF
999 _c8627
_d8627